Niederländische Provinzen - Statistiken

Allgemein
  • Dieses Quiz wurde 6.356 mal gespielt
  • Das Durchschnittsergebnis liegt bei 6 aus 12
Antworten auf der Karte
Die Antworten werden auf der Karte rot bzw. grün angezeigt, abhängig davon wie oft sie richtig erraten wurden.
 
Antwortstatistiken
Provinz % Korrekt
Nordholland
73%
Südholland
71%
Friesland
70%
Zeeland
69%
Groningen
57%
Utrecht
54%
Limburg
50%
Nordbrabant
45%
Flevoland
35%
Gelderland
34%
Drente
28%
Overijssel
27%
Keine übereinstimmenden Quizze gefunden
Verteilung der Resultate
Anzahl Personen mit jedem Resultat
Perzentil nach korrekt beantworteten Fragen
Ihre Resultats-Entwicklung
Sie haben dieses Quiz noch nicht gespielt